[Event "AUT-chT2M 1516"]
[Site "Austria"]
[Date "2016.04.15"]
[Round "9.3"]
[White "Aschenbrenner, Robert"]
[Black "Mostbauer, Maximilian"]
[Result "1-0"]
[WhiteElo "2197"]
[BlackElo "2126"]
[PlyCount "77"]
[EventDate "2015.10.02"]
[EventType "team-tourn"]
[EventRounds "11"]
[EventCountry "AUT"]
[SourceTitle "EXT 2017"]
[Source "ChessBase"]
[SourceDate "2016.10.25"]
[SourceVersion "1"]
[SourceVersionDate "2016.10.25"]
[SourceQuality "1"]
[WhiteTeam "Graz Austria"]
[BlackTeam "Ansfelden"]
[WhiteTeamCountry "AUT"]
[BlackTeamCountry "AUT"]

1. d4 Nf6 2. Nf3 g6 3. Bf4 Bg7 4. e3 d6 5. h3 0-0 6. Bc4 c5 7. c3 cxd4 8. exd4 Bd7 9. a4 Nc6 10. 0-0 Rc8 11. Nbd2 d5 12. Bd3 e6 13. Bd6 Re8 14. Bh2 h6 15. Re1 Nh7 16. Nb3 Bf8 17. Nc5 Bxc5 18. dxc5 Ng5 19. Nd4 Ne4 20. Bxe4 Nxd4 21. Bxg6 fxg6 22. cxd4 Rf8 23. Be5 Qg5 24. Ra3 Kh7 25. Rb3 Bc6 26. Rg3 Qf5 27. Rf3 Qg5 28. Bd6 Rxf3 29. Qxf3 Qf5 30. Qxf5 exf5 31. Re7+ Kg8 32. Be5 g5 33. Rg7+ Kf8 34. Rh7 Re8 35. Rxh6 Bxa4 36. Rf6+ Ke7 37. Rxf5 Rg8 38. Bd6+ Kd7 39. Rf7+ 1-0

[Event "Steyr Landesliga 1415"]
[Site "Austria"]
[Date "2015.04.25"]
[Round "11.4"]
[White "Ofner, Maximilian"]
[Black "Aschenbrenner, Robert"]
[Result "1/2-1/2"]
[WhiteElo "2145"]
[BlackElo "2235"]
[PlyCount "132"]
[EventDate "2014.09.27"]
[EventType "team-tourn"]
[EventRounds "11"]
[EventCountry "AUT"]
[SourceTitle "EXT 2016"]
[Source "ChessBase"]
[SourceDate "2015.10.08"]
[SourceVersion "1"]
[SourceVersionDate "2015.10.08"]
[SourceQuality "1"]
[WhiteTeam "Gleisdorf"]
[BlackTeam "Graz Austria"]
[WhiteTeamCountry "AUT"]
[BlackTeamCountry "AUT"]

1. e4 e6 2. d4 d5 3. e5 c5 4. c3 Nc6 5. Nf3 Qb6 6. a3 c4 7. Nbd2 Na5 8. g3 Bd7 9. Bg2 h6 10. 0-0 Ne7 11. Qc2 Qc7 12. Re1 Nc8 13. Nf1 Nb6 14. Ne3 Ba4 15. Qe2 Be7 16. Rb1 0-0-0 17. h4 Kb8 18. Ng4 Qd7 19. Bf4 Qe8 20. Qe3 Bc2 21. Ra1 Bf5 22. Ngh2 Qb5 23. Ra2 Na4 24. Qc1 Rc8 25. Bf1 Nb3 26. Qe3 Rc6 27. Be2 Rb6 28. Nf1 Rg8 29. Bd1 Bb1 30. Bxb3 Qxb3 31. Ra1 Bf5 32. Re2 Nxb2 33. a4 Nd3 34. Qd2 Ra6 35. a5 Nxf4 36. gxf4 Bd8 37. Qc1 Qb5 38. Rb2 Qd7 39. Ng3 Bd3 40. Ne1 Bh7 41. f5 Rxa5 42. Rab1 b6 43. Nf3 Bxf5 44. Nxf5 exf5 45. e6 fxe6 46. Ne5 Qc8 47. Qf4 Ka8 48. Ng6 Bc7 49. Qe3 Qd7 50. f4 Ra3 51. h5 Re8 52. Rg2 Kb7 53. Rc1 Rb3 54. Ne5 Bxe5 55. Qxe5 Re7 56. Rg6 a5 57. Kh2 Rb2+ 58. Kh3 Qc7 59. Qe3 Qd6 60. Rcg1 Ka6 61. Rxg7 Rxg7 62. Rxg7 Rb3 63. Rg6 Qa3 64. Rxe6 Rxc3 65. Kh4 Rxe3 66. Rxb6+ Kxb6 1/2-1/2

[Event "Graz op-A"]
[Site "Graz"]
[Date "2015.02.16"]
[Round "5"]
[White "Aschenbrenner, Robert"]
[Black "Tomazini, Zan"]
[Result "0-1"]
[WhiteElo "2257"]
[BlackElo "2390"]
[PlyCount "74"]
[EventDate "2015.02.13"]
[EventType "swiss"]
[EventRounds "9"]
[EventCountry "AUT"]
[SourceTitle "CBM 164 Extra"]
[Source "ChessBase"]
[SourceDate "2015.03.02"]
[SourceVersion "1"]
[SourceVersionDate "2015.03.02"]
[SourceQuality "1"]

1. d4 Nf6 2. c4 Nc6 3. Nf3 e6 4. g3 Bb4+ 5. Bd2 Qe7 6. Nc3 0-0 7. Bg2 d6 8. 0-0 a5 9. Rc1 Re8 10. Bg5 Bxc3 11. Rxc3 e5 12. d5 Nb4 13. Qb1 Na6 14. Nd2 h6 15. Bxf6 Qxf6 16. e4 Bd7 17. b3 c6 18. Rd1 cxd5 19. cxd5 b5 20. a3 b4 21. axb4 axb4 22. Rcc1 Nc5 23. Bf1 Ra3 24. Re1 Qg5 25. Qc2 Rea8 26. Rb1 f5 27. Rb2 Ra1 28. Rxa1 Rxa1 29. Ra2 Rxa2 30. Qxa2 fxe4 31. Nc4 Qc1 32. Ne3 Bh3 33. Qa8+ Kh7 34. Qf8 Nxb3 35. g4 Nd4 36. Qf7 Bxf1 37. Nxf1 Qf4 0-1

[Event "Graz Land-ch"]
[Site "Graz"]
[Date "2014.09.10"]
[Round "3"]
[White "Fahrner, Kurt"]
[Black "Aschenbrenner, Robert"]
[Result "1-0"]
[WhiteElo "2306"]
[BlackElo "2235"]
[PlyCount "81"]
[EventDate "2014.09.08"]
[EventType "swiss"]
[EventRounds "7"]
[EventCountry "AUT"]
[SourceTitle "CBM 162 Extra"]
[Source "ChessBase"]
[SourceDate "2014.10.17"]
[SourceVersion "1"]
[SourceVersionDate "2014.10.17"]
[SourceQuality "1"]

1. g3 Nf6 2. Bg2 d5 3. d3 c6 4. Nd2 Bg4 5. h3 Bh5 6. Ngf3 Nbd7 7. 0-0 e5 8. e4 dxe4 9. dxe4 Bc5 10. Qe1 Qc7 11. Nc4 0-0 12. b4 Bxf3 13. Bxf3 Be7 14. Bb2 Rfe8 15. a3 Bf8 16. Qe3 b5 17. Na5 c5 18. c3 Nb6 19. Rac1 c4 20. Bd1 Rad8 21. Bc2 Rd7 22. Rcd1 Red8 23. Qe2 Be7 24. Kg2 h6 25. Bc1 Rxd1 26. Rxd1 Rxd1 27. Qxd1 Nbd7 28. Be3 Nf8 29. Qd2 a6 30. f3 Ne6 31. Bf2 Qc8 32. Be3 Nh5 33. Qd5 Bg5 34. Nc6 Kh7 35. Qxe5 Qxc6 36. f4 Nhxf4+ 37. gxf4 Bf6 38. Qd5 Qc7 39. e5+ g6 40. exf6 Qxf4 41. Qxe6 1-0

[Event "AUT-chT2M 1314"]
[Site "Austria"]
[Date "2014.03.21"]
[Round "6.6"]
[White "Aschenbrenner, Robert"]
[Black "Heimberger, Reinhard"]
[Result "1/2-1/2"]
[WhiteElo "2252"]
[BlackElo "2313"]
[PlyCount "68"]
[EventDate "2013.10.04"]
[EventType "team-tourn"]
[EventRounds "11"]
[EventCountry "AUT"]
[SourceTitle "EXT 2015"]
[Source "ChessBase"]
[SourceDate "2014.11.20"]
[SourceVersion "1"]
[SourceVersionDate "2014.11.20"]
[SourceQuality "1"]
[WhiteTeam "Graz Austria"]
[BlackTeam "St Valentin"]
[WhiteTeamCountry "AUT"]
[BlackTeamCountry "AUT"]

1. e4 c5 2. Nf3 d6 3. d4 cxd4 4. Nxd4 Nf6 5. Nc3 e6 6. g4 h6 7. Rg1 a6 8. h4 d5 9. exd5 Nxd5 10. Nxd5 exd5 11. g5 Qe7+ 12. Qe2 hxg5 13. hxg5 Qxe2+ 14. Bxe2 Nc6 15. Be3 Nxd4 16. Bxd4 Bf5 17. 0-0-0 Rh4 18. c3 0-0-0 19. Bd3 Be4 20. Bxe4 dxe4 21. Be3 Bd6 22. Rh1 Rxh1 23. Rxh1 f5 24. gxf6 gxf6 25. Rh5 Be5 26. Rh7 Rd7 27. Rh8+ Kc7 28. Rf8 Kd6 29. Kc2 Ke6 30. a4 f5 31. Re8+ Re7 32. Rf8 Rf7 33. Re8+ Kd6 34. Bc5+ Kxc5 1/2-1/2

[Event "Steyr Landesliga 1314"]
[Site "Austria"]
[Date "2014.03.15"]
[Round "9.4"]
[White "Aschenbrenner, Robert"]
[Black "Mitter, Gerd"]
[Result "1/2-1/2"]
[WhiteElo "2233"]
[BlackElo "2218"]
[PlyCount "81"]
[EventDate "2013.09.28"]
[EventType "team-tourn"]
[EventRounds "11"]
[EventCountry "AUT"]
[SourceTitle "EXT 2015"]
[Source "ChessBase"]
[SourceDate "2014.11.20"]
[SourceVersion "1"]
[SourceVersionDate "2014.11.20"]
[SourceQuality "1"]
[WhiteTeam "Graz Austria"]
[BlackTeam "Trofaiach Niklasdorf"]
[WhiteTeamCountry "AUT"]
[BlackTeamCountry "AUT"]

1. g3 d5 2. Bg2 Nf6 3. Nf3 c5 4. c4 Nc6 5. cxd5 Nxd5 6. b3 e5 7. Bb2 f6 8. d3 Be6 9. 0-0 Be7 10. Nbd2 0-0 11. a3 Rc8 12. Re1 Qd7 13. Rc1 Rfd8 14. Qc2 Nd4 15. Qb1 Qb5 16. Ba1 Qd7 17. e3 Nc6 18. Red1 Nc7 19. Ne4 Qe8 20. d4 exd4 21. exd4 Qf7 22. dxc5 Bxb3 23. Nd6 Bxd6 24. cxd6 Bxd1 25. dxc7 Qxc7 26. Rxd1 Rxd1+ 27. Qxd1 Ne7 28. Bf1 Kh8 29. Qb3 a6 30. Qe6 Qc6 31. Qxe7 Qxf3 32. h4 h5 33. Bd4 Rc1 34. Be3 Re1 35. Qd8+ Kh7 36. Qd3+ f5 37. Kh2 Rd1 38. Qe2 Qxe2 39. Bxe2 Ra1 40. Bf3 Rxa3 41. Bxb7 1/2-1/2

[Event "Graz Casino op-A"]
[Site "Graz"]
[Date "2014.02.17"]
[Round "5"]
[White "Froewis, Georg"]
[Black "Aschenbrenner, Robert"]
[Result "1/2-1/2"]
[WhiteElo "2437"]
[BlackElo "2265"]
[PlyCount "27"]
[EventDate "2014.02.14"]
[EventType "swiss"]
[EventRounds "9"]
[EventCountry "AUT"]
[SourceTitle "CBM 158 Extra"]
[Source "ChessBase"]
[SourceDate "2014.02.28"]
[SourceVersion "1"]
[SourceVersionDate "2014.02.28"]
[SourceQuality "1"]

1. g3 Nf6 2. Bg2 d5 3. c4 c6 4. Nf3 Bf5 5. cxd5 cxd5 6. d3 Nc6 7. 0-0 e5 8. Bg5 Be7 9. Nfd2 Be6 10. Nc3 Ng8 11. Bxe7 Ngxe7 12. Nb3 d4 13. Ne4 Bd5 14. Rc1 1/2-1/2

[Event "Graz Casino op-A"]
[Site "Graz"]
[Date "2014.02.15"]
[Round "2"]
[White "Aschenbrenner, Robert"]
[Black "Felgaer, Ruben Alejandro"]
[Result "0-1"]
[WhiteElo "2265"]
[BlackElo "2569"]
[PlyCount "50"]
[EventDate "2014.02.14"]
[EventType "swiss"]
[EventRounds "9"]
[EventCountry "AUT"]
[SourceTitle "CBM 158 Extra"]
[Source "ChessBase"]
[SourceDate "2014.02.28"]
[SourceVersion "1"]
[SourceVersionDate "2014.02.28"]
[SourceQuality "1"]

1. d4 Nf6 2. Nf3 c5 3. dxc5 e6 4. a3 Bxc5 5. b4 Be7 6. Bb2 0-0 7. Nbd2 b6 8. e4 d6 9. Bd3 Bb7 10. Qe2 Nbd7 11. 0-0 Qc7 12. c4 Ng4 13. Rac1 Bf6 14. Nd4 Nge5 15. Bb1 a6 16. f4 Ng6 17. f5 exf5 18. exf5 Nge5 19. Qh5 Rfe8 20. Ne4 Nd3 21. Ne6 fxe6 22. Nxf6+ Nxf6 23. Bxf6 Nxc1 24. fxe6 gxf6 25. Rxf6 Re7 0-1

[Event "Graz Casino op-A"]
[Site "Graz"]
[Date "2014.02.14"]
[Round "1"]
[White "Kersten, Julian"]
[Black "Aschenbrenner, Robert"]
[Result "0-1"]
[WhiteElo "1982"]
[BlackElo "2265"]
[PlyCount "70"]
[EventDate "2014.02.14"]
[EventType "swiss"]
[EventRounds "9"]
[EventCountry "AUT"]
[SourceTitle "CBM 158 Extra"]
[Source "ChessBase"]
[SourceDate "2014.02.28"]
[SourceVersion "1"]
[SourceVersionDate "2014.02.28"]
[SourceQuality "1"]

1. e4 c5 2. Nf3 b6 3. d4 cxd4 4. Nxd4 Bb7 5. Nc3 a6 6. Be2 e6 7. 0-0 Qc7 8. f4 b5 9. a3 Bc5 10. Kh1 Nc6 11. Nb3 Be7 12. Be3 d6 13. Bf3 Nf6 14. Qe2 0-0 15. g4 Nd7 16. g5 Rfe8 17. Bg2 Na5 18. Nxa5 Qxa5 19. f5 Bf8 20. f6 g6 21. h4 Rac8 22. h5 Rxc3 23. bxc3 Qxc3 24. hxg6 hxg6 25. Rae1 Rc8 26. Qg4 Rc4 27. Re2 d5 28. Qh3 d4 29. Rf4 Nxf6 30. gxf6 dxe3 31. Rxe3 Qe5 32. Ref3 Rxe4 33. Rxe4 Bxe4 34. Rf2 Qa1+ 35. Kh2 Bd6+ 0-1

[Event "Graz op 20th"]
[Site "Graz"]
[Date "2013.09.01"]
[Round "9"]
[White "Aschenbrenner, Robert"]
[Black "Fahrner, Kurt"]
[Result "1/2-1/2"]
[WhiteElo "2233"]
[BlackElo "2370"]
[PlyCount "50"]
[EventDate "2013.08.24"]
[EventType "swiss"]
[EventRounds "9"]
[EventCountry "AUT"]
[SourceTitle "CBM 156 Extra"]
[Source "ChessBase"]
[SourceDate "2013.10.22"]
[SourceVersion "1"]
[SourceVersionDate "2013.10.22"]
[SourceQuality "1"]

1. d4 d5 2. c4 c6 3. Nf3 Nf6 4. e3 Bf5 5. Nc3 e6 6. Nh4 Be4 7. f3 Bg6 8. Qb3 Qb6 9. Nxg6 hxg6 10. Bd2 Nbd7 11. g3 Be7 12. Rc1 0-0 13. Kf2 Rad8 14. cxd5 Qxb3 15. axb3 Nxd5 16. Nxd5 exd5 17. b4 a6 18. h4 Nf6 19. Bd3 Bd6 20. g4 Rfe8 21. Rh3 Kf8 22. g5 Nh5 23. f4 Ke7 24. Rf3 Rh8 25. Kg2 f5 1/2-1/2

[Event "Graz op 20th"]
[Site "Graz"]
[Date "2013.08.29"]
[Round "6"]
[White "Aschenbrenner, Robert"]
[Black "Goessler, Markus"]
[Result "1/2-1/2"]
[WhiteElo "2233"]
[BlackElo "2124"]
[PlyCount "49"]
[EventDate "2013.08.24"]
[EventType "swiss"]
[EventRounds "9"]
[EventCountry "AUT"]
[SourceTitle "CBM 156 Extra"]
[Source "ChessBase"]
[SourceDate "2013.10.22"]
[SourceVersion "1"]
[SourceVersionDate "2013.10.22"]
[SourceQuality "1"]

1. Nf3 d5 2. c4 dxc4 3. e3 Nf6 4. Bxc4 e6 5. 0-0 a6 6. Qe2 c5 7. Rd1 Qc7 8. d4 b5 9. Bd3 Bb7 10. a3 Nbd7 11. Nc3 Be7 12. e4 cxd4 13. Nxd4 0-0 14. g3 Rfd8 15. Bf4 e5 16. Nf5 exf4 17. Nxe7+ Kf8 18. Ned5 Nxd5 19. Nxd5 Bxd5 20. exd5 Nf6 21. Rac1 Qb7 22. Be4 Re8 23. f3 fxg3 24. hxg3 Re5 25. Rc3 1/2-1/2

[Event "Graz op 20th"]
[Site "Graz"]
[Date "2013.08.26"]
[Round "3"]
[White "Runic, Zoran"]
[Black "Aschenbrenner, Robert"]
[Result "1/2-1/2"]
[WhiteElo "2395"]
[BlackElo "2233"]
[PlyCount "86"]
[EventDate "2013.08.24"]
[EventType "swiss"]
[EventRounds "9"]
[EventCountry "AUT"]
[SourceTitle "CBM 156 Extra"]
[Source "ChessBase"]
[SourceDate "2013.10.22"]
[SourceVersion "1"]
[SourceVersionDate "2013.10.22"]
[SourceQuality "1"]

1. e4 c5 2. Nf3 Nc6 3. d4 cxd4 4. Nxd4 Nf6 5. Nc3 e5 6. Ndb5 h6 7. Nd6+ Bxd6 8. Qxd6 Qe7 9. Qxe7+ Kxe7 10. b3 d6 11. Ba3 a6 12. 0-0-0 Rd8 13. Nd5+ Nxd5 14. exd5 Nb8 15. Re1 Nd7 16. f4 f6 17. g3 b6 18. h4 Nc5 19. h5 Kf7 20. fxe5 fxe5 21. Rh4 Ke7 22. Bb4 Rf8 23. Bd2 Bb7 24. g4 Bxd5 25. g5 hxg5 26. Bxg5+ Kd7 27. Be3 Kc7 28. a3 Rf7 29. b4 Ne6 30. Bd3 b5 31. Rg1 Raf8 32. a4 Bc6 33. axb5 axb5 34. Kd2 d5 35. Rg6 Rf6 36. Rxf6 Rxf6 37. c3 Be8 38. Be2 Kd6 39. Rh1 d4 40. cxd4 Nxd4 41. Bxd4 exd4 42. Rg1 Rf2 43. Rg5 Rh2 1/2-1/2

[Event "Weiz-ch 12th"]
[Site "Weiz"]
[Date "2013.06.01"]
[Round "3"]
[White "Weinzettl, Ernst"]
[Black "Aschenbrenner, Robert"]
[Result "1-0"]
[WhiteElo "2292"]
[BlackElo "2254"]
[PlyCount "63"]
[EventDate "2013.05.30"]
[EventType "swiss"]
[EventRounds "5"]
[EventCountry "AUT"]
[SourceTitle "CBM 154 Extra"]
[Source "ChessBase"]
[SourceDate "2013.06.25"]
[SourceVersion "2"]
[SourceVersionDate "2013.06.25"]
[SourceQuality "1"]

1. e4 c5 2. Nf3 e6 3. Nc3 Nc6 4. Bb5 Nge7 5. 0-0 a6 6. Bxc6 Nxc6 7. d4 cxd4 8. Nxd4 d6 9. Be3 Be7 10. Nxc6 bxc6 11. Na4 Rb8 12. c4 0-0 13. Qc2 c5 14. Rad1 Qc7 15. b3 Bb7 16. f3 Rbd8 17. Rf2 Rd7 18. Rfd2 Bc6 19. Nc3 Qa5 20. Rd3 Rfd8 21. Qd2 Qb4 22. Bg5 Bxg5 23. Qxg5 h6 24. Qg4 a5 25. f4 Re7 26. e5 d5 27. Rg3 g6 28. Qh4 Kf8 29. Ne4 dxe4 30. Qxh6+ Kg8 31. Rxd8+ Re8 32. Rd1 1-0

[Event "AUT-chT2M 1213"]
[Site "Austria"]
[Date "2013.03.24"]
[Round "8.4"]
[White "Hiermann, Dietmar"]
[Black "Aschenbrenner, Robert"]
[Result "1/2-1/2"]
[WhiteElo "2311"]
[BlackElo "2264"]
[PlyCount "157"]
[EventDate "2012.10.19"]
[EventType "team-tourn"]
[EventRounds "11"]
[EventCountry "AUT"]
[SourceTitle "EXT 2014"]
[Source "ChessBase"]
[SourceDate "2013.11.20"]
[SourceVersion "1"]
[SourceVersionDate "2013.11.20"]
[SourceQuality "1"]
[WhiteTeam "Sauwald"]
[BlackTeam "Graz Austria"]
[WhiteTeamCountry "AUT"]
[BlackTeamCountry "AUT"]

1. e4 c5 2. Nf3 Nc6 3. d4 cxd4 4. Nxd4 Nf6 5. Nc3 e5 6. Ndb5 h6 7. Nd6+ Bxd6 8. Qxd6 Qe7 9. Qxe7+ Kxe7 10. Be3 d6 11. f3 Be6 12. 0-0-0 Rac8 13. a3 a6 14. Bb6 Nb8 15. Bd3 Nbd7 16. Be3 Rc6 17. Rhe1 Rhc8 18. Kb1 Nb6 19. Na2 Nc4 20. Bc1 Nd7 21. Nb4 Rc5 22. b3 Ncb6 23. Be3 R5c7 24. a4 Nc5 25. a5 Nbd7 26. Bf1 Nf6 27. Kb2 Rb8 28. Rd2 Rd7 29. Red1 Rc8 30. c4 b6 31. axb6 a5 32. Bxc5 Rxc5 33. Na2 Rc6 34. Nc3 Rxb6 35. Ra1 Rdb7 36. Nb5 Bd7 37. Rxa5 Bxb5 38. cxb5 Ne8 39. Ka3 Nc7 40. Rc2 Nxb5+ 41. Bxb5 Rxb5 42. Rxb5 Rxb5 43. Rc7+ Ke6 44. b4 Rb8 45. Ka4 Ra8+ 46. Kb3 Ra1 47. Rc2 f5 48. b5 fxe4 49. fxe4 Rb1+ 50. Ka4 Kd7 51. Ka5 Ra1+ 52. Kb6 Ra4 53. Rc7+ Ke6 54. Rxg7 Rxe4 55. Rg6+ Kd5 56. Kc7 Rc4+ 57. Kd7 Kc5 58. b6 Kxb6 59. Rxd6+ Kc5 60. Rxh6 Rg4 61. Ke6 Kd4 62. g3 e4 63. Kf5 Rg8 64. Re6 Kd3 65. g4 Rf8+ 66. Kg5 Rg8+ 67. Kh4 e3 68. g5 e2 69. Kg4 Ra8 70. h4 Ra6 71. Re5 Ra5 72. Rxe2 Kxe2 73. g6 Ke3 74. h5 Ke4 75. g7 Ra1 76. Kh3 Kf3 77. Kh2 Ra2+ 78. Kh3 Ra1 79. Kh2 1/2-1/2

[Event "Graz-ch"]
[Site "Graz"]
[Date "2013.01.26"]
[Round "7"]
[White "Huber, Martin Christian"]
[Black "Aschenbrenner, Robert"]
[Result "1/2-1/2"]
[WhiteElo "2185"]
[BlackElo "2260"]
[PlyCount "91"]
[EventDate "2013.01.12"]
[EventType "swiss"]
[EventRounds "7"]
[EventCountry "AUT"]
[SourceTitle "CBM 152 Extra"]
[Source "ChessBase"]
[SourceDate "2013.02.25"]
[SourceVersion "1"]
[SourceVersionDate "2013.02.25"]
[SourceQuality "1"]

1. Nf3 d5 2. d4 c6 3. c4 dxc4 4. a4 Nf6 5. Nc3 c5 6. d5 e6 7. e4 Nxe4 8. Nxe4 exd5 9. Bg5 Qa5+ 10. Nc3 Be6 11. Bd2 Qd8 12. Ng5 Nc6 13. Nxe6 fxe6 14. Qg4 Qd7 15. 0-0-0 0-0-0 16. Bg5 Re8 17. Bf4 Na5 18. Qg3 a6 19. Be2 h5 20. Qg5 b5 21. Bxh5 Rxh5 22. Qxh5 b4 23. Nxd5 exd5 24. Qxd5 Qxd5 25. Rxd5 Re2 26. Re5 Nb3+ 27. Kb1 Rxf2 28. Bg3 Rd2 29. Re3 Be7 30. Bf4 Bf6 31. Rxb3 Rxg2 32. Re3 Rxb2+ 33. Kc1 Ra2 34. Rd1 Bd4 35. Re8+ Kd7 36. Rxd4+ cxd4 37. Re4 Rxa4 38. Rxd4+ Ke6 39. Rxc4 a5 40. Kb2 Ra3 41. Rc7 a4 42. Bg3 Rb3+ 43. Kc2 Ra3 44. Rxg7 Rc3+ 45. Kd2 a3 46. Ra7 1/2-1/2

[Event "Graz-ch"]
[Site "Graz"]
[Date "2013.01.19"]
[Round "4"]
[White "Poetz, Florian"]
[Black "Aschenbrenner, Robert"]
[Result "1/2-1/2"]
[WhiteElo "2415"]
[BlackElo "2260"]
[PlyCount "75"]
[EventDate "2013.01.12"]
[EventType "swiss"]
[EventRounds "7"]
[EventCountry "AUT"]
[SourceTitle "CBM 152 Extra"]
[Source "ChessBase"]
[SourceDate "2013.02.25"]
[SourceVersion "1"]
[SourceVersionDate "2013.02.25"]
[SourceQuality "1"]

1. e4 d6 2. d4 Nf6 3. Nc3 e5 4. Nf3 Nbd7 5. Bc4 Be7 6. 0-0 0-0 7. Re1 c6 8. a4 a5 9. h3 Nb6 10. Ba2 exd4 11. Qxd4 d5 12. exd5 Nfxd5 13. Nxd5 Nxd5 14. Bxd5 cxd5 15. Bf4 Bf5 16. c3 Be4 17. Ne5 Bf6 18. f3 Bf5 19. Qf2 Re8 20. Rad1 Qd6 21. Qd4 Bc2 22. Qxd5 Qxd5 23. Rxd5 Bxe5 24. Rexe5 Rxe5 25. Bxe5 Bxa4 26. Bc7 Bc6 27. Rxa5 Rxa5 28. Bxa5 Kf8 29. Kf2 Bb5 30. h4 Bc4 31. Ke3 Ke7 32. Kd4 b5 33. Bc7 g6 34. g4 Ke6 35. Ke4 Bd5+ 36. Kf4 h5 37. Bb6 Kd6 38. Bd4 1/2-1/2

[Event "AUT-chT2M 1213"]
[Site "Austria"]
[Date "2012.11.25"]
[Round "5.2"]
[White "Steiner, Stefan"]
[Black "Aschenbrenner, Robert"]
[Result "1-0"]
[WhiteElo "2249"]
[BlackElo "2264"]
[PlyCount "117"]
[EventDate "2012.10.19"]
[EventType "team-tourn"]
[EventRounds "11"]
[EventCountry "AUT"]
[SourceTitle "CBM 151 Extra"]
[Source "ChessBase"]
[SourceDate "2012.12.18"]
[SourceVersion "1"]
[SourceVersionDate "2012.12.18"]
[SourceQuality "1"]
[WhiteTeam "Graz Strassenbahn"]
[BlackTeam "Graz Austria"]
[WhiteTeamCountry "AUT"]
[BlackTeamCountry "AUT"]

1. Nf3 Nf6 2. c4 b6 3. d4 Bb7 4. Nc3 e6 5. a3 d5 6. cxd5 exd5 7. Bf4 a6 8. g3 Bd6 9. Bg2 0-0 10. Ne5 Nbd7 11. 0-0 Re8 12. Nd3 Nf8 13. Bg5 c6 14. e3 Ne6 15. Bxf6 Qxf6 16. Rc1 g6 17. Na4 Bc7 18. Nb4 b5 19. Nc5 Nxc5 20. Rxc5 Bd6 21. Rc1 Rac8 22. Nd3 Rc7 23. Qd2 Qd8 24. Nc5 Bc8 25. Qa5 Rce7 26. Qxd8 Rxd8 27. Nb3 Rc7 28. Na5 c5 29. dxc5 Bxc5 30. b4 Bb6 31. Rxc7 Bxc7 32. Nc6 Rd7 33. Bxd5 Bb7 34. Ne7+ Rxe7 35. Bxb7 a5 36. bxa5 Bxa5 37. Bd5 b4 38. a4 Rc7 39. Rb1 Kf8 40. Kf1 Ke7 41. Bb3 Rc3 42. Ke2 h6 43. Kd2 g5 44. Bd1 Kd6 45. Rb3 Kc5 46. f3 Kc4 47. Rxc3+ bxc3+ 48. Kc2 Kb4 49. Kd3 Ka3 50. f4 gxf4 51. gxf4 Kb4 52. e4 f6 53. Kd4 Bc7 54. e5 fxe5+ 55. fxe5 Bd8 56. h3 h5 57. Kd5 Ka3 58. e6 Kb2 59. a5 1-0